Προστασία των προσφύγων : οδηγός διεθνούς προσφυγικού δικαίου

Αποθηκεύτηκε σε:
Λεπτομέρειες βιβλιογραφικής εγγραφής
Κύριος συγγραφέας: Jastram, Kate
Συγγραφή απο Οργανισμό/Αρχή: Υπατη Αρμοστεία των Ηνωμένων Εθνών για τους Πρόσφυγες
Άλλοι συγγραφείς: Achiron, Marilyn
Μορφή: Βιβλίο
Γλώσσα:Greek
English
Δημοσίευση: Αθήνα : Γκοβόστης, 2003.
Σειρά:Εγχειρίδιο για βουλευτές ; 2-2001
Θέματα:
Ετικέτες: Προσθήκη ετικέτας
Δεν υπάρχουν, Καταχωρήστε ετικέτα πρώτοι!

MARC

LEADER 00000cam a2200000 i 4500
001 1/73081
008 050310s2001 gr | ||| |||| ||gre||
020 |a 9291421278   |q (IPU) 
035 |l 10076995 
040 |a GR-MyUa  |b gre   |e AACR2  
041 1 |a gre  |h eng 
082 7 |a 341.486   |2 (21)  
100 1 |a Jastram, Kate. 
245 1 0 |a Προστασία των προσφύγων :   |b οδηγός διεθνούς προσφυγικού δικαίου /   |c Kate Jastram και Marilyn Achiron ; Ύπατη Αρμοστεία του Ο.Η.Ε. για τους πρόσφυγες ; συντακτική επιτροπή: Γραφείο του Ύπατου Αρμοστή του Ο.Η.Ε. για τους πρόσφυγες και Διακοινοβουλευτική Ένωση.  
260 |a Αθήνα :   |b Γκοβόστης,   |c 2003.  
300 |a 196 σ. ;   |c 23 εκ.  
490 1 |a (Εγχειρίδιο για βουλευτές ;   |v 2-2001) 
500 |a Τίτλος πρωτοτύπου: Refugee protection. 
650 0 |a Refugees  |x Legal status, laws, etc. 
650 0 |a Asylum, Right of. 
650 0 |a Humanitarian law. 
650 0 |a Human rights. 
700 1 |a Achiron, Marilyn. 
710 0 |a Υπατη Αρμοστεία των Ηνωμένων Εθνών για τους Πρόσφυγες. 
830 0 |a Εγχειρίδιο για βουλευτές ;  |v 2-2001 
852 |a INST  |b RHODES  |e 20050310  |h 341.486 JAS  |p 005400023624  |q 005400023624  |t BK  |y 0 
901 |a BIBL4-2005-1 
970 |a Τσούνου   |b Τσαμπίκα   |z 2005/03/10